[Event "Joao Pessoa Caldas Memorial U2000 4th"]
[Site "Joao Pessoa"]
[Date "2018.11.16"]
[Round "5"]
[White "Galindo, Luciano Dutra"]
[Black "Morais, Francisco John Silv"]
[Result "0-1"]
[WhiteElo "1749"]
[BlackElo "1671"]
[PlyCount "80"]
[EventDate "2018.09.24"]
[EventType "tourn"]
[EventRounds "11"]
[EventCountry "BRA"]
[SourceTitle "EXT 2021"]
[Source "ChessBase"]
[SourceDate "2020.10.23"]
[SourceVersion "1"]
[SourceVersionDate "2020.10.23"]
[SourceQuality "1"]

1. d4 Nf6 2. Nf3 g6 3. c4 Bg7 4. Nc3 d6 5. e4 0-0 6. Bg5 Nbd7 7. Be2 h6 8. Bh4 g5 9. Bg3 c5 10. d5 Re8 11. h4 g4 12. Nh2 Nb6 13. Rc1 h5 14. Bf4 Nh7 15. Qd2 f5 16. Bh6 Bf6 17. Bg5 Bg7 18. Bd3 Rf8 19. Bh6 Rf7 20. Bxg7 Kxg7 21. b3 e5 22. dxe6 Bxe6 23. g3 Qf6 24. Ne2 fxe4 25. Nf4 Qf5 26. Bc2 Rd8 27. Nf1 d5 28. Ne3 Qe5 29. cxd5 Nxd5 30. Nexd5 Bxd5 31. 0-0 Rfd7 32. Qe3 Nf6 33. Rfd1 Bc6 34. Nd3 Qf5 35. Nxc5 Rxd1+ 36. Rxd1 Rxd1+ 37. Bxd1 Qd5 38. Bc2 b6 39. Na6 Qe5 40. Kh2 Nd5 0-1

[Event "Joao Pessoa Caldas Memorial U2000 4th"]
[Site "Joao Pessoa"]
[Date "2018.11.15"]
[Round "4"]
[White "De Moura Filho, Eny Nobrega"]
[Black "Galindo, Luciano Dutra"]
[Result "0-1"]
[WhiteElo "1409"]
[BlackElo "1749"]
[PlyCount "102"]
[EventDate "2018.09.24"]
[EventType "tourn"]
[EventRounds "11"]
[EventCountry "BRA"]
[SourceTitle "EXT 2021"]
[Source "ChessBase"]
[SourceDate "2020.10.23"]
[SourceVersion "1"]
[SourceVersionDate "2020.10.23"]
[SourceQuality "1"]

1. e4 c6 2. d4 d5 3. e5 Bf5 4. Bd3 Bxd3 5. Qxd3 e6 6. Nf3 Nd7 7. 0-0 Ne7 8. Bg5 Qb6 9. Nc3 Nf5 10. Na4 Qa5 11. Nc3 c5 12. Bd2 cxd4 13. Nb5 Qb6 14. b4 a6 15. Nbxd4 Nxd4 16. Qxd4 Qxd4 17. Nxd4 Nxe5 18. b5 Bd6 19. a3 0-0 20. bxa6 bxa6 21. Bb4 Nc4 22. Nc6 Rfe8 23. Bxd6 Nxd6 24. Nd4 Rec8 25. Rfc1 Rc4 26. c3 Rac8 27. Rab1 Rxc3 28. Rxc3 Rxc3 29. Ne2 Rc8 30. Rb6 Nc4 31. Rxa6 g6 32. g3 Rb8 33. Nc3 Rb3 34. Ne2 Rxa3 35. Rxa3 Nxa3 36. f4 Kf8 37. Kf2 Nc4 38. Nd4 Ke7 39. g4 Kd6 40. Nb5+ Kc6 41. Na7+ Kc5 42. Nc8 Kd4 43. Ne7 Ke4 44. Kg3 d4 45. Nc6 d3 46. Kf2 Kxf4 47. h3 e5 48. Ne7 e4 49. Nd5+ Ke5 50. Ne3 Nxe3 51. Kxe3 g5 0-1

[Event "Joao Pessoa Master U1900 1st"]
[Site "Joao Pessoa"]
[Date "2017.11.29"]
[Round "9.2"]
[White "Baltar, Petrov Ferreira"]
[Black "Galindo, Luciano Dutra"]
[Result "0-1"]
[WhiteElo "1683"]
[BlackElo "1694"]
[PlyCount "72"]
[EventDate "2017.10.04"]
[EventType "tourn"]
[EventRounds "9"]
[EventCountry "BRA"]
[SourceTitle "EXT 2022"]
[Source "ChessBase"]
[SourceDate "2021.10.06"]
[SourceVersion "1"]
[SourceVersionDate "2021.10.06"]
[SourceQuality "1"]

1. d4 d5 2. Bf4 c5 3. e3 Nf6 4. Nc3 a6 5. a4 Nc6 6. Bd3 cxd4 7. exd4 Nxd4 8. Bb5+ Nxb5 9. axb5 e6 10. Nge2 Be7 11. 0-0 0-0 12. bxa6 bxa6 13. Qd4 Bd6 14. Be5 Bxe5 15. Qxe5 Qb6 16. b3 Bb7 17. Ra4 Qc6 18. f3 Rfd8 19. Rf4 Qc5+ 20. Kh1 Rac8 21. Rxf6 gxf6 22. Qxf6 Qf8 23. Rd1 Qg7 24. Qe7 Ba8 25. Rd4 Re8 26. Qa7 Kf8 27. Rg4 Qe5 28. f4 Qf5 29. Rh4 Qxc2 30. Qd4 Rxc3 31. Qb4+ Rc5 32. Rxh7 Qxh7 33. Qxc5+ Kg7 34. Qd4+ f6 35. Qa7+ Kh6 36. Qxa6 Qb1+ 0-1

[Event "Joao Pessoa Fischer Memorial 8th"]
[Site "Joao Pessoa"]
[Date "2017.03.19"]
[Round "6"]
[White "Marques, Eudes Pinto"]
[Black "Galindo, Luciano Dutra"]
[Result "1-0"]
[WhiteElo "1941"]
[BlackElo "1749"]
[PlyCount "139"]
[EventDate "2017.03.17"]
[EventType "swiss"]
[EventRounds "6"]
[EventCountry "BRA"]
[SourceTitle "EXT 2018"]
[Source "ChessBase"]
[SourceDate "2017.10.13"]
[SourceVersion "1"]
[SourceVersionDate "2017.10.13"]
[SourceQuality "1"]

1. c4 Nf6 2. Nc3 e6 3. e4 Bb4 4. Nge2 0-0 5. a3 Be7 6. d4 d6 7. Ng3 b6 8. Bd3 Bb7 9. 0-0 e5 10. d5 Nbd7 11. Be3 Nc5 12. Bxc5 bxc5 13. Nf5 Bc8 14. Nxe7+ Qxe7 15. b4 Nd7 16. Ne2 a5 17. b5 Nf6 18. a4 Bg4 19. f3 Bd7 20. Qd2 Nh5 21. g4 Nf6 22. Rf2 h6 23. Rg2 Nh7 24. Rf1 Qh4 25. Qe1 Qxe1 26. Rxe1 Ng5 27. Rg3 f6 28. h4 Nf7 29. Kf2 Nh8 30. Reg1 Nf7 31. R3g2 Rae8 32. Ng3 g6 33. Ke3 Kh8 34. Kd2 Rg8 35. Ne2 Kg7 36. Rb1 Rb8 37. Nc3 Kf8 38. Ke3 Ke7 39. Rgb2 Rb6 40. Rh2 Rg7 41. Na2 Rg8 42. Nc1 Rg7 43. Nb3 Rg8 44. Nxa5 Ra8 45. Nb3 Rxa4 46. Ra1 Rxa1 47. Nxa1 Bc8 48. Ra2 Kd7 49. Nb3 Nd8 50. Na5 Bb7 51. Nc6 Ke8 52. g5 fxg5 53. Nxd8 Kxd8 54. hxg5 h5 55. f4 Ke7 56. f5 Kf7 57. Be2 Kg7 58. Kf2 Kf7 59. Ra7 Kg7 60. Kg3 Kf7 61. Kh4 Kg7 62. fxg6 Kxg6 63. Bxh5+ Kg7 64. Be8 Bxd5 65. exd5 Rb8 66. Rxc7+ Kf8 67. Bh5 Ra8 68. b6 Ra4 69. b7 Rxc4+ 70. Bg4 1-0

[Event "Joao Pessoa Fischer Memorial 8th"]
[Site "Joao Pessoa"]
[Date "2017.03.17"]
[Round "1"]
[White "Galindo, Luciano Dutra"]
[Black "Franca, Jairo Jr"]
[Result "0-1"]
[WhiteElo "1749"]
[BlackElo "1943"]
[PlyCount "72"]
[EventDate "2017.03.17"]
[EventType "swiss"]
[EventRounds "6"]
[EventCountry "BRA"]
[SourceTitle "CBM 177 Extra"]
[Source "ChessBase"]
[SourceDate "2017.04.27"]
[SourceVersion "1"]
[SourceVersionDate "2017.04.27"]
[SourceQuality "1"]

1. d4 Nf6 2. c4 g6 3. Nc3 d5 4. cxd5 Nxd5 5. Nf3 Bg7 6. g3 c5 7. Bg2 Nxc3 8. bxc3 0-0 9. 0-0 Nc6 10. e3 Qc7 11. Bb2 Rd8 12. Rc1 Bf5 13. Ba1 Be4 14. Ng5 Bxg2 15. Kxg2 e5 16. Nf3 Qe7 17. Rc2 c4 18. Rd2 e4 19. Ne1 Qd7 20. Qe2 b5 21. Bb2 Ne5 22. Ba3 a5 23. Bb2 b4 24. Qd1 Ra6 25. Qe2 g5 26. Rc2 Rh6 27. Rh1 Qh3+ 28. Kg1 Nd3 29. Qf1 Qg4 30. Re2 Rb6 31. Rc2 Rdb8 32. Nxd3 cxd3 33. Rd2 bxc3 34. Bxc3 Rc8 35. Ba1 Rc2 36. Rxc2 dxc2 0-1